000 00621nam a2200193Ii 4500
003 JO-AjNU
008 230605s9999||||xx |||||||||||||| ||und||
040 _aJO-AjNU
_bara
_erda
_cJO-AjNU
041 _aara
050 1 4 _aPJ7808 1980
100 3 _aخريف، محي الدين,
_eauthor
_952933
245 0 0 _aمدن معبد
264 3 1 _aتونس: مؤسسات عبد الكريم بن عبدالله، 1980
300 _a93ص
336 _atext
_btxt
_2rdacontent
337 _aunmediated
_bn
_2rdamedia
338 _avolume
_bnc
_2rdacarrier
650 4 _a الادب العربي - القصص العربية
_952934
999 _aA23477
_c27045
_d27045